000 00874cam a2200241 4500
001 ABS61393
008 000000n1999 000 0 eng u
035 _a(Sirsi) u100777
100 _aMoore, L.
245 _aHolding the contaminated can
260 _c1999
490 _aProperty Week
_v64(37) 24 September 1999, 91(1)
520 _aConsiders the issue of trustees and contaminated land. Under provisions of the Environmental Protection Act 1990, deciding who is responsible for contaminated land means that trustees who have been left with contaminated land, must be careful if they wish to sell.
590 _aABS
650 _aContamination
_96231
650 _aENVIRONMENTAL PROTECTION ACT 1990 PART IIA
650 _aRESPONSIBILITY
650 _aTRUSTEES
650 _aX V A AND OTHERS
650 _aCONTAMINATED LAND
690 _aLAND
942 _n0
999 _c60232
_d60232